All Steel Type Pokémon - Statistics

General Stats
  • This quiz has been taken 2,402 times
    351 since last reset
  • The average score is 62 of 80
Answer Stats
Type Answer % Correct
Electric/Steel Magnemite
96%
Electric/Steel Magneton
95%
Electric/Steel Magnezone
95%
Bug/Steel Scizor Mega Scizor
95%
Steel/Flying Skarmory Mega Skarmory
95%
Steel/Rock Aggron
91%
Steel/Rock Aron
91%
Steel/Psychic Beldum
91%
Steel Mega Aggron
91%
Steel/Psychic Metagross Mega Metagross
91%
Steel/Ground Steelix Mega Steelix
91%
Steel/Ghost Aegislash (Shield Forme) Aegislash (Blade Forme)
90%
Steel/Rock Lairon
89%
Steel/Psychic Bronzong
88%
Steel/Ghost Doublade
88%
Grass/Steel Ferroseed
88%
Grass/Steel Ferrothorn
88%
Steel/Ghost Honedge
88%
Steel/Psychic Metang
88%
Steel/Psychic Bronzor
87%
Water/Steel Empoleon
87%
Fighting/Steel Lucario Mega Lucario Mega Lucario Z
87%
Bug/Steel Forretress
86%
Steel Klink
86%
Steel/Dragon Dialga Dialga (Origin Forme)
85%
Steel Klang
84%
Steel/Fairy Klefki
84%
Steel Klinklang
84%
Steel/Fairy Mawile Mega Mawile
84%
Fairy/Steel Tinkatink
84%
Fairy/Steel Tinkaton
84%
Dark/Steel Bisharp
83%
Bug/Steel Durant
83%
Fire/Steel Heatran Mega Heatran
83%
Flying/Steel Corviknight Gigantamax Corviknight
82%
Dark/Steel Pawniard
82%
Steel/Poison Varoom
82%
Rock/Steel Bastiodon
81%
Steel/Poison Revavroom
81%
Steel/Dragon Duraludon Gigantamax Duraludon
80%
Dark/Steel Kingambit
80%
Rock/Steel Shieldon
80%
Steel Registeel
79%
Fairy/Steel Tinkatuff
79%
Ice/Steel Alolan Sandslash
78%
Steel/Dragon Archaludon
78%
Steel/Fairy Magearna Mega Magearna
78%
Electric/Steel Togedemaru
78%
Steel/Flying Celesteela
77%
Ice/Steel Alolan Sandshrew
76%
Bug/Steel Escavalier
75%
Ground/Steel Excadrill Mega Excadrill
74%
Grass/Steel Kartana
74%
Steel/Fighting Cobalion
71%
Bug/Steel Genesect
71%
Steel/Psychic Iron Crown
71%
Steel Copperajah Gigantamax Copperajah
70%
Steel Cufant
69%
Steel/Psychic Jirachi
69%
Steel/Dragon Hisuian Goodra
67%
Ground/Steel Iron Treads
67%
Rock/Steel Stakataka
67%
Fairy/Steel Zacian (Crowned Sword)
67%
Steel/Ghost Gholdengo
64%
Steel/Dragon Hisuian Sliggoo
64%
Steel Orthworm
64%
Psychic/Steel Solgaleo
64%
Fighting/Steel Zamazenta (Crowned Sword)
63%
Steel Melmetal Gigantamax Melmetal
61%
Steel Perrserker
61%
Rock/Steel Probopass
61%
Steel Galarian Meowth
60%
Steel Meltan
60%
Bug/Steel Wormadam (Trash Cloak)
60%
Ground/Steel Alolan Dugtrio
56%
Ground/Steel Alolan Diglett
55%
Psychic/Steel Dusk Mane Necrozma
54%
Ground/Steel Galarian Stunfisk
53%
Psychic/Steel Mega Chimecho
42%
Bug/Steel Mega Golisopod
37%
No matching quizzes found
Score Distribution
Percent of People with Each Score
Percentile by Number Answered
Your Score History
You have not taken this quiz since the last reset